Idea brannosti a školský spev

Podrobná bibliografia
Hlavný autor: Hula, Emil, 1883-1942 (Autor)
Médium: Článok
Jazyk:slovenčina

MARC

LEADER 00000nab a2200000 a 4500
001 vtls010707857
003 SK-MaSNL
005 20260304194816.0
008 250709s1934 xo |||||||||||||||||slo|
035 |a (urnnbn)urn:nbn:sk:snk:ar-a042u3 
035 |a (uuid)5640fdd1-c762-4bf6-b1c2-d9366314cf14 
035 |a urn:nbn:sk:snk-ab3buh 
040 |a SNKBUCL  |b slo  |c SNKBUCL  |e AACR2 
041 0 |a slo 
044 |a xo  |c SK 
100 1 |a Hula, Emil,  |d 1883-1942  |4 aut  |9 203064 
245 1 0 |a Idea brannosti a školský spev  |c Emil Hula 
773 0 |t Národná škola slovenská : orgán Slovenskej obce učiteľskej  |g Roč. 13, č. 17 (1934-1935), s. 305-307 
850 |a Slovenská národná knižnica 
852 |a Slovenská národná knižnica 
954 |a odborná, vedecká literatúra pôvodná (slovenská)  |2 lita 
958 |a article1 
958 |a ONDV 
999 |c 3076949  |d 3078879